Zakros : the discovery of a lost palace of ancient Crete /

Saved in:

Main Author: Platōn, Nikolaos, 1909- (Author)

Format: Book

Language: English

Published: New York : Scribner, [1971].

Subjects:

Tags: Add Tag

No Tags, Be the first to tag this record!

Call Number: DF221 .C9 P71 1971

LEADER 00757namaa2200253 4500
001 22176
003 OSt
005 20251228081603.0
008 130303s1971 nyua b 000 0 eng d
010 |a 70123855 
040 |c ARCE Library 
043 |a e-gr--- 
050 4 |a DF221 .C9 P71 1971 
100 1 |a Platōn, Nikolaos,  |d 1909-  |e author 
245 1 0 |a Zakros :  |b the discovery of a lost palace of ancient Crete /  |c [by] Nicholas Platon. 
264 1 |a New York :   |b Scribner,   |c [1971]. 
300 |a 345 pages :  |b illustrations (part color) ;  |c 26 cm. 
504 |a Bibliography : pages 335-336. 
555 |a Sara.lib 
651 0 |a Zakros Site (Crete)  |9 19126 
651 0 |a Greece   |z Zakros Palace Site. 
901 |a reviewed 
942 |c BK  |2 lcc 
999 |c 20777  |d 20777